Normal view
MARC view
- Gopalaswamy R
Entry Personal Name
001 - CONTROL NUMBER
- control field: 215214
003 - CONTROL NUMBER IDENTIFIER
- control field: OSt
005 - DATE AND TIME OF LATEST TRANSACTION
- control field: 20251120194555.0
008 - FIXED-LENGTH DATA ELEMENTS
- fixed length control field: 251120|| aca||aabn | a|a d
040 ## - CATALOGING SOURCE
- Original cataloging agency: OSt
- Transcribing agency: OSt
100 ## - HEADING--PERSONAL NAME
- Personal name: Gopalaswamy R
670 ## - SOURCE DATA FOUND
- Source citation: Work cat.: (OSt)93552: Gopalaswamy R, From College to Career, 2015